000 00727nam a2200241Ia 4500
003 OSt
005 20220926021217.0
006 a|||||r|||| 00| 0
007 ta
008 220923b |||||||| |||| 00| 0 eng d
037 _cGeneral Book
040 _aRTL
_cRTL
_beng
041 _2eng
_aeng
082 _aY:4:5, L1/UN
110 _aUN,ECON0MIC AND SOCIAL AFFIRS (DEPT. OF-)
_9326002
245 0 _aTraining for social welfare
_b Fifth international survey
260 _aNew York
_bUN
_c1971
300 _a88p
_ccm.
490 _aIts, International Survey.5
700 _aUN,ECON0MIC AND SOCIAL AFFIRS (DEPT. OF-)
_9326003
942 _hY:4:5, L1/UN
_cGB
_2CC
999 _c636179
_d636179